000 00228nam a2200097Ia 4500
008 190216s9999||||xx |||||||||||||| ||und||
100 _aNagendra
245 0 _aHindi-Kavya Bimba
260 _bNational Publishing House
942 _cBK
999 _c17729
_d17729